Procesy degradácie dreva

Guardado en:
Detalles Bibliográficos
Autor principal: Reinprecht, Ladislav, 1953-
Formato: Libro
Lenguaje:eslovaco
Publicado: Vo Zvolene Technická univerzita 2001
Edición:3. vyd.
Materias:
Acceso en línea:Ver en el OPAC
Etiquetas: Agregar Etiqueta
Sin Etiquetas, Sea el primero en etiquetar este registro!

MARC

LEADER 00000nam a2200000 a 4500
005 20260127134357.0
008 180619s2001 xo aap r yy 0 slo
015 |a SNBA2002/08-02622 
020 |a 8022810703 
035 |a vtls001433962 
035 |a SNK000389035 
035 |a urn:nbn:sk:snk-amyevk 
035 |a urn:nbn:sk:snk-am00ce5s 
035 |a D40C1432-E127-48DC-AC6A-2C6B07993A12 
039 9 |a 201806191601  |b VLOAD  |c 201712190832  |d VLOAD  |c 201606061715  |d VLOAD  |c 201604151745  |d VLOAD  |y 200412291947  |z VLOAD 
040 |a SNK  |b slo  |c SNK  |d STUSCHK1  |e AACR2 
041 0 |a slo 
044 |a xo  |c SK 
080 |a 674.038.1(075.8)  |2 1981 
100 1 |a Reinprecht, Ladislav,  |d 1953-  |9 764 
245 1 |a Procesy degradácie dreva  |c Ladislav Reinprecht 
250 |a 3. vyd. 
260 |a Vo Zvolene  |b Technická univerzita  |c 2001 
300 |a 162 s.  |b fotogr., sch., tab.  |c 30 cm 
500 |a 80 výt. 
504 |a Bibliogr. odkazy 
650 0 7 |a drevo  |x degradácia  |x učebnice vysokoškolské  |2 SNK 
655 7 |a učebnice vysokých škôl  |2 SNKPH 
752 |d Zvolen  |4 650 
919 |a 80-228-1070-3 
958 |a TL 
958 |a NB 
958 |a UV 
999 |c 11235  |d 11235